[Event "Steinegg-Gries"]
[Site "?"]
[Date "2018.02.10"]
[Round "7.6"]
[White "Lantschner, Carmen"]
[Black "Niederstaetter, Harald"]
[Result "0-1"]
[WhiteElo "1624"]
[BlackElo "1943"]
[PlyCount "88"]
[EventDate "2018.02.10"]

1. e4 c6 2. d4 d5 3. exd5 cxd5 4. Bf4 Nc6 5. Nf3 Bg4 6. Be2 e6 7. c3 Nf6 8. O-O
Bd6 9. Ne5 Bxe2 10. Qxe2 Rc8 11. Nd2 O-O 12. Ndf3 a6 13. Rac1 Na5 14. Bg5 Be7
15. Rfe1 h6 16. Bf4 b5 17. Nd2 Qb6 18. a3 Nc4 19. Ndxc4 bxc4 20. Rc2 Bd6 21.
Qf3 Bxe5 22. dxe5 Ne4 23. Qg4 Kh7 24. Re3 f5 25. Qh5 Qc7 26. Rh3 Qf7 27. Qh4
Qg6 28. f3 Nc5 29. Qf2 Nd3 30. Qe3 Nxf4 31. Qxf4 Qf7 32. Rc1 Rb8 33. Rb1 Rb3
34. Qc1 Rfb8 35. g4 f4 36. g5 Qg6 37. Rh4 Rxc3 38. Qe1 Rxf3 39. Rg4 hxg5 40. h4
Re3 41. Qc1 Rxe5 42. Rg2 g4 43. Qxf4 Qxb1+ 44. Kh2 Qf5 0-1

[Event "Bruneck-Groeden"]
[Site "?"]
[Date "2018.02.24"]
[Round "8.1"]
[White "Seresin, Francesco"]
[Black "Moling, Patrick"]
[Result "1-0"]
[WhiteElo "2191"]
[BlackElo "2060"]
[PlyCount "92"]
[EventDate "2018.02.24"]

1. d4 Nf6 2. c4 g6 3. Nf3 Bg7 4. g3 c5 5. Bg2 O-O 6. O-O Na6 7. Nc3 d6 8. b3
cxd4 9. Nxd4 Nc5 10. Bb2 Rb8 11. Qd2 Ne6 12. Rfd1 a6 13. Rac1 Nxd4 14. Qxd4 Be6
15. Nd5 Bxd5 16. Bxd5 Ne8 17. Qd2 Bxb2 18. Qxb2 Qa5 19. h4 Nf6 20. Bf3 Qf5 21.
Kg2 Rfd8 22. e3 b5 23. Qe2 bxc4 24. Rxc4 Rbc8 25. Rdc1 d5 26. Rc7 Rxc7 27. Rxc7
Qe6 28. Ra7 Rd6 29. Qd3 h5 30. Be2 Ng4 31. Rxa6 Qf6 32. Ra8+ Kh7 33. f3 Ne5 34.
Qd4 Rc6 35. f4 Ng4 36. Qxf6 exf6 37. Bxg4 hxg4 38. b4 Rc2+ 39. Kf1 Rb2 40. a3
f5 41. Ra5 Ra2 42. b5 Rb2 43. a4 Kg7 44. Ra6 Kf8 45. b6 Ke8 46. a5 Kd8 1-0

[Event "Bruneck-Groeden"]
[Site "?"]
[Date "2018.02.24"]
[Round "8.2"]
[White "Niederkofler, Andreas"]
[Black "Moroder, Stephan"]
[Result "1/2-1/2"]
[WhiteElo "1789"]
[BlackElo "2160"]
[PlyCount "115"]
[EventDate "2018.02.24"]

1. e4 c5 2. Nf3 d6 3. d4 cxd4 4. Nxd4 Nf6 5. Nc3 a6 6. Be2 e6 7. Be3 Be7 8. a4
O-O 9. O-O Qc7 10. Qd2 Nc6 11. Nb3 b6 12. Rfd1 Bb7 13. f4 Rfe8 14. Bf3 Rac8 15.
Qf2 Nd7 16. Rd2 Nc5 17. Nxc5 bxc5 18. Rad1 Qb6 19. b3 Nd4 20. Ne2 Nxf3+ 21.
gxf3 d5 22. Qg2 g6 23. e5 d4 24. Bf2 f6 25. exf6 Bxf6 26. Ng3 Bg7 27. Ne4 Rf8
28. Qg4 Rce8 29. Bg3 Bc8 30. Qh4 Rf5 31. Qh3 Bb7 32. Qf1 Bd5 33. Qd3 Ref8 34.
Kg2 Bh6 35. c3 Bxf4 36. Bxf4 Rxf4 37. cxd4 cxd4 38. Qxd4 Qxd4 39. Rxd4 Rxf3 40.
Kg1 Rxb3 41. Nc5 Rb2 42. R4d2 Rxd2 43. Rxd2 a5 44. Rb2 Rc8 45. Rb5 Ra8 46. Kf2
Kf7 47. Ke3 Kf6 48. Kd4 Kf5 49. Nxe6 Kxe6 50. Rxd5 Ra7 51. Rb5 Rd7+ 52. Ke4 Rd2
53. Rxa5 Rxh2 54. Ra6+ Kd7 55. Kf4 Kc7 56. a5 Rh5 57. Ra7+ Kb8 58. Re7 1/2-1/2

[Event "Bruneck-Groeden"]
[Site "?"]
[Date "2018.02.24"]
[Round "8.3"]
[White "Demetz, Rainer"]
[Black "Peintner, Markus"]
[Result "1/2-1/2"]
[WhiteElo "2187"]
[BlackElo "1456"]
[PlyCount "83"]
[EventDate "2018.02.24"]

1. e4 c5 2. Nf3 Nc6 3. d4 cxd4 4. Nxd4 e5 5. Nb5 d6 6. c4 a6 7. N5c3 Be7 8. Nd5
Nf6 9. Nxe7 Nxe7 10. Nc3 h6 11. Be2 O-O 12. O-O Nc6 13. Be3 Be6 14. f3 Qe7 15.
Qd2 Ne8 16. Rad1 Nb8 17. b3 Nd7 18. f4 exf4 19. Bxf4 Ne5 20. c5 Nc6 21. cxd6
Qd8 22. Bf3 Nf6 23. Qf2 Kh8 24. Qg3 Qa5 25. Nd5 Bxd5 26. exd5 Nb8 27. Qf2 Nbd7
28. Rfe1 Rac8 29. Re7 Qb4 30. Qd4 Qb5 31. Be2 Qa5 32. a4 Rc2 33. Bd3 Rc5 34.
Bc4 b5 35. axb5 axb5 36. Bf1 Rxd5 37. Qxd5 Nxd5 38. Rxd5 Nf6 39. Rxb5 Qc3 40.
Bg3 Qd4+ 41. Bf2 Qxd6 42. Bc5 1/2-1/2

[Event "Bruneck-Groeden"]
[Site "?"]
[Date "2018.02.24"]
[Round "8.4"]
[White "De Nicolo, Werner"]
[Black "Bernardi, Ruben"]
[Result "0-1"]
[WhiteElo "1476"]
[BlackElo "2107"]
[PlyCount "84"]
[EventDate "2018.02.24"]

1. c4 e5 2. g3 Nf6 3. Bg2 h6 4. Nc3 Bb4 5. Nd5 Nxd5 6. cxd5 O-O 7. a3 Bd6 8. e3
c6 9. Ne2 cxd5 10. Bxd5 Nc6 11. O-O Ne7 12. Bg2 Bc7 13. d4 d5 14. b4 Be6 15.
Bb2 e4 16. Rc1 Nf5 17. Qb3 Qd7 18. a4 Rad8 19. b5 Rfe8 20. Ba3 Bd6 21. Bxd6
Nxd6 22. Nf4 f5 23. Nxe6 Qxe6 24. Rc2 g5 25. f3 Rd7 26. f4 Rf8 27. Kh1 Kh8 28.
Rfc1 gxf4 29. gxf4 Rg8 30. Rg1 Rdg7 31. Rcc1 Nc4 32. Bh3 Rxg1+ 33. Rxg1 Rxg1+
34. Kxg1 Qg6+ 35. Kf2 Qh5 36. Bg2 Qh4+ 37. Ke2 Qxh2 38. Kf2 Qh4+ 39. Kg1 Qe1+
40. Kh2 Qxe3 41. Qb4 Qxf4+ 42. Kg1 Qd6 0-1

[Event "Bruneck-Groeden"]
[Site "?"]
[Date "2018.02.24"]
[Round "8.5"]
[White "Moroder, Thomas"]
[Black "Scanferla, Antonio"]
[Result "1-0"]
[WhiteElo "1980"]
[BlackElo "1416"]
[PlyCount "87"]
[EventDate "2018.02.24"]

1. e4 e5 2. Nf3 Nc6 3. d4 exd4 4. Nxd4 Qe7 5. Nb5 Qxe4+ 6. Be2 Kd8 7. O-O a6 8.
N1c3 Qe5 9. Nxc7 Bd6 10. Qxd6 Qxd6 11. Nxa8 Nf6 12. Bg5 Qb8 13. Nb6 h6 14. Bh4
g5 15. Bg3 Qa7 16. Ncd5 Nxd5 17. Nxd5 Qc5 18. Bc7+ Ke8 19. c4 Nd4 20. Bd3 Ne6
21. Be5 Rg8 22. Rfe1 d6 23. b4 Qc6 24. Be4 Kf8 25. Bf6 b6 26. Ne7 Qc7 27. Nxg8
Kxg8 28. Bd5 Bd7 29. h4 g4 30. h5 Nf4 31. Re7 Nxd5 32. cxd5 Kf8 33. Rae1 Qc8
34. Kh2 Bb5 35. Ra7 Be8 36. Be7+ Kg7 37. Bxd6 Qd8 38. Bg3 Bb5 39. d6 Bd7 40.
Re7 Be8 41. Rab7 Kg8 42. Rxe8+ Qxe8 43. d7 Qd8 44. Rb8 1-0

[Event "Bruneck-Groeden"]
[Site "?"]
[Date "2018.02.24"]
[Round "8.6"]
[White "Oberhammer, Guenther"]
[Black "Grossi, Christian"]
[Result "0-1"]
[WhiteElo "1526"]
[BlackElo "1841"]
[PlyCount "62"]
[EventDate "2018.02.24"]

1. e4 g6 2. d4 Bg7 3. c3 d6 4. Bc4 Nf6 5. Nd2 c6 6. Qb3 O-O 7. Ne2 d5 8. exd5
cxd5 9. Bd3 Nc6 10. O-O b6 11. Nf3 Bg4 12. Ne5 Nxe5 13. dxe5 Bxe2 14. Bxe2 Ne4
15. f4 e6 16. Be3 Qh4 17. Rf3 f5 18. Rh3 Qe7 19. Rd1 g5 20. fxg5 Nxg5 21. Rh5
f4 22. Bd4 Rf5 23. Bg4 Raf8 24. Bxf5 Rxf5 25. Kh1 Qf7 26. g4 fxg3 27. Rxg5 Rf1+
28. Kg2 Qf3+ 29. Kh3 gxh2+ 30. Kxh2 Qh1+ 31. Kg3 Rf3+ 0-1

[Event "Ehrenburg-Steinegg"]
[Site "?"]
[Date "2018.02.24"]
[Round "8.2"]
[White "Hengl, Christian"]
[Black "Engl, Stefan"]
[Result "1/2-1/2"]
[WhiteElo "2157"]
[BlackElo "1992"]
[PlyCount "62"]
[EventDate "2018.02.24"]

1. e4 e6 2. d4 d5 3. e5 c5 4. c3 Nc6 5. Nf3 Qb6 6. a3 f6 7. Bd3 fxe5 8. dxe5 g6
9. O-O Bg7 10. Qe2 c4 11. Bc2 Nh6 12. Be3 Qc7 13. Nbd2 Nxe5 14. Nxe5 Qxe5 15.
Ba4+ Kf7 16. Nf3 Qd6 17. g4 Rf8 18. Rad1 Kg8 19. h3 Nf7 20. Rfe1 Qa6 21. Bc2
Bd7 22. Bd4 Bxd4 23. Rxd4 Qb6 24. b4 cxb3 25. Rb4 Qc7 26. Rxb3 Rae8 27. Ne5
Nxe5 28. Qxe5 Qxe5 29. Rxe5 Ba4 30. Rb2 Bxc2 31. Rxc2 Rf4 1/2-1/2

[Event "Ehrenburg-Steinegg"]
[Site "?"]
[Date "2018.02.24"]
[Round "8.3"]
[White "Pichler, Martin"]
[Black "Jedinger, Andreas"]
[Result "1/2-1/2"]
[WhiteElo "1696"]
[BlackElo "2104"]
[PlyCount "47"]
[EventDate "2018.02.24"]

1. e4 e6 2. d4 d5 3. Nc3 Nf6 4. Bg5 Bb4 5. e5 h6 6. Bd2 Bxc3 7. Bxc3 Ne4 8. Bd3
Nxc3 9. bxc3 c5 10. Bb5+ Bd7 11. Bxd7+ Nxd7 12. Ne2 O-O 13. O-O Rc8 14. f4 f5
15. exf6 Nxf6 16. dxc5 Qa5 17. Nd4 Qxc5 18. Kh1 Rfe8 19. Rb1 b6 20. Rb3 Ne4 21.
Qg4 Qe7 22. Rf3 Nd2 23. Re3 Nxb3 24. Rxe6 1/2-1/2

[Event "Ehrenburg-Steinegg"]
[Site "?"]
[Date "2018.02.24"]
[Round "8.4"]
[White "Kapferer, Romed"]
[Black "Engl, Alexander"]
[Result "1/2-1/2"]
[WhiteElo "2085"]
[BlackElo "1812"]
[PlyCount "38"]
[EventDate "2018.02.24"]

1. e4 e6 2. d4 d5 3. Nc3 Bb4 4. a3 Bxc3+ 5. bxc3 dxe4 6. f3 e3 7. Bxe3 Nf6 8.
Bd3 O-O 9. Ne2 b6 10. O-O Ba6 11. c4 Nc6 12. c3 Na5 13. c5 Nc4 14. Bxc4 Bxc4
15. cxb6 axb6 16. Bg5 Ra5 17. Bh4 g5 18. Be1 Nd5 19. Rf2 Qd6 1/2-1/2

[Event "Ehrenburg-Steinegg"]
[Site "?"]
[Date "2018.02.24"]
[Round "8.5"]
[White "Lantschner, Carmen"]
[Black "Babinetz, Rainer"]
[Result "1/2-1/2"]
[WhiteElo "1624"]
[BlackElo "1959"]
[PlyCount "59"]
[EventDate "2018.02.24"]

1. e4 e5 2. Nf3 Nf6 3. Nc3 Bb4 4. Nd5 Nc6 5. Nxb4 Nxb4 6. d3 d5 7. Bg5 dxe4 8.
Bxf6 gxf6 9. dxe4 Qxd1+ 10. Kxd1 Bg4 11. Bd3 O-O-O 12. Ke2 f5 13. h3 Bh5 14.
exf5 e4 15. g4 exd3+ 16. cxd3 Rhe8+ 17. Kf1 Rxd3 18. Ne1 Rd2 19. a3 Nc6 20. b3
Nd4 21. b4 Re5 22. Rg1 Ree2 23. Rg2 Bg6 24. fxg6 hxg6 25. Rc1 c6 26. h4 Re4 27.
f3 Rxg2 28. Kxg2 Re2+ 29. Kg3 Re3 30. Rd1 1/2-1/2

[Event "Ehrenburg-Steinegg"]
[Site "?"]
[Date "2018.02.24"]
[Round "8.6"]
[White "Gruber, Alexander"]
[Black "Schgaguler, Guenther"]
[Result "1/2-1/2"]
[WhiteElo "1815"]
[BlackElo "1465"]
[PlyCount "48"]
[EventDate "2018.02.24"]

1. e4 e6 2. d4 d5 3. exd5 exd5 4. Nf3 Bd6 5. Bd3 c6 6. O-O Ne7 7. b3 O-O 8. c4
b6 9. Nc3 Nd7 10. Qc2 h6 11. Re1 Nf6 12. h3 Re8 13. Be3 Be6 14. Ne2 Qd7 15. Ne5
Qc7 16. f4 c5 17. Rac1 Rac8 18. dxc5 Bxc5 19. Nd4 Bxd4 20. Bxd4 Nc6 21. cxd5
Bxd5 22. Nxc6 Rxe1+ 23. Rxe1 Qxc6 24. Qxc6 Bxc6 1/2-1/2

[Event "Ehrenburg2-Ridnaun "]
[Site "?"]
[Date "2018.02.24"]
[Round "8.2"]
[White "Falkensteiner, Benjamin"]
[Black "Obermueller, Johann"]
[Result "1/2-1/2"]
[WhiteElo "1504"]
[BlackElo "1641"]
[PlyCount "62"]
[EventDate "2018.02.24"]

1. e4 e5 2. Nf3 Nc6 3. Bb5 a6 4. Ba4 Nf6 5. O-O Nxe4 6. d4 b5 7. Bb3 d5 8. Re1
Be6 9. Nxe5 Nxe5 10. dxe5 Bc5 11. Rf1 O-O 12. c3 f6 13. Be3 Bxe3 14. fxe3 fxe5
15. Rxf8+ Kxf8 16. Nd2 Nxd2 17. Qxd2 c6 18. Rd1 e4 19. Qd4 Qe8 20. Qc5+ Kg8 21.
a4 Bg4 22. Rd2 Be6 23. Rf2 Qd7 24. Bd1 Re8 25. b4 Re7 26. Qb6 Qc8 27. a5 Rf7
28. Rxf7 Kxf7 29. Qa7+ Kg8 30. Qb6 h6 31. h3 Kh7 1/2-1/2

[Event "Gries-Deutschnofen"]
[Site "?"]
[Date "2018.02.24"]
[Round "8.1"]
[White "Manca, Federico"]
[Black "Spornberger, Maximilian"]
[Result "1/2-1/2"]
[WhiteElo "2411"]
[BlackElo "2265"]
[PlyCount "46"]
[EventDate "2018.02.24"]

1. e4 e6 2. d4 d5 3. Nc3 Bb4 4. e5 c5 5. a3 Bxc3+ 6. bxc3 Qa5 7. Bd2 Qa4 8. Qg4
g6 9. Nf3 Nc6 10. Be2 c4 11. Ra2 Bd7 12. O-O h6 13. Qh4 Nce7 14. Bg5 Bc6 15.
Rd1 Qa5 16. Bf1 Qc7 17. g3 O-O-O 18. Bh3 Kb8 19. a4 Re8 20. a5 Ka8 21. Rda1 Nf5
22. Bxf5 exf5 23. Bc1 Rh7 1/2-1/2

[Event "Gries-Deutschnofen"]
[Site "?"]
[Date "2018.02.24"]
[Round "8.2"]
[White "Zammarchi, Massimo"]
[Black "Dappiano, Andrea"]
[Result "0-1"]
[WhiteElo "1943"]
[BlackElo "2258"]
[PlyCount "58"]
[EventDate "2018.02.24"]

1. e4 e6 2. d4 d5 3. Nc3 Nf6 4. Bd3 c5 5. dxc5 dxe4 6. Nxe4 Nxe4 7. Bxe4 Qxd1+
8. Kxd1 Bxc5 9. Be3 Bxe3 10. fxe3 Nc6 11. Nf3 Bd7 12. c3 Ke7 13. Kc2 f5 14. Bd3
Rac8 15. Rad1 Nb4+ 16. Kb3 Nxd3 17. Rxd3 Bc6 18. Rd4 Kf6 19. Rhd1 g5 20. Rd6 g4
21. Nd4 Bd5+ 22. Ka3 Rhd8 23. Rxd8 Rxd8 24. g3 Rc8 25. Rd2 Rc4 26. Rf2 Ke5 27.
Rf4 a6 28. Rf1 Ke4 29. Re1 b5 0-1

[Event "Gries-Deutschnofen"]
[Site "?"]
[Date "2018.02.24"]
[Round "8.3"]
[White "Zamengo, Fulvio"]
[Black "Fongarolli, Diego"]
[Result "1-0"]
[WhiteElo "2304"]
[BlackElo "1951"]
[PlyCount "69"]
[EventDate "2018.02.24"]

1. e4 c5 2. Nf3 d6 3. d4 cxd4 4. Nxd4 Nf6 5. Nc3 a6 6. Bg5 e6 7. f4 Be7 8. Qf3
Qc7 9. O-O-O Nbd7 10. f5 e5 11. Nde2 b5 12. Bxf6 Nxf6 13. Nd5 Nxd5 14. exd5 Bb7
15. Ng3 Rc8 16. Bd3 Qc5 17. Be4 Bf6 18. Nh5 a5 19. g4 a4 20. h4 h6 21. Kb1 b4
22. g5 hxg5 23. hxg5 Bxg5 24. Nxg7+ Kd7 25. Rxh8 Rxh8 26. Ne6 Qe3 27. Nxg5 Qxg5
28. Qd3 Qg4 29. Re1 Ke7 30. Qc4 Bc8 31. f6+ Kxf6 32. Qxb4 Kg7 33. a3 Rh6 34.
Qb6 Qd7 35. Qe3 1-0

[Event "Gries-Deutschnofen"]
[Site "?"]
[Date "2018.02.24"]
[Round "8.4"]
[White "Paulmichl, Martin"]
[Black "Micheli, Carlo"]
[Result "0-1"]
[WhiteElo "1870"]
[BlackElo "2235"]
[PlyCount "50"]
[EventDate "2018.02.24"]

1. d4 c5 2. c3 e6 3. Bf4 Nc6 4. e3 Nf6 5. Nd2 d5 6. Bd3 Bd6 7. Bg3 e5 8. dxe5
Nxe5 9. Bxe5 Bxe5 10. Ngf3 Bc7 11. e4 O-O 12. O-O Bg4 13. Qa4 c4 14. e5 Nd7 15.
Bc2 Nxe5 16. Nxe5 Bxe5 17. f4 Bd6 18. b4 Bd7 19. Qa5 Qxa5 20. bxa5 Bc7 21. a4
Bxa5 22. Ra3 Rfe8 23. Bd1 Re3 24. Nb1 Rae8 25. Kf2 Bb6 0-1

[Event "Gries-Deutschnofen"]
[Site "?"]
[Date "2018.02.24"]
[Round "8.5"]
[White "Tonina, Filippo"]
[Black "Niederstaetter, Harald"]
[Result "1/2-1/2"]
[WhiteElo "1964"]
[BlackElo "1943"]
[PlyCount "117"]
[EventDate "2018.02.24"]

1. d4 d6 2. e4 Nf6 3. Nc3 e5 4. Nf3 Nbd7 5. Bc4 Be7 6. O-O O-O 7. h3 c6 8. a4
a5 9. dxe5 dxe5 10. Be3 Qc7 11. Qe2 Nc5 12. Nd2 Rd8 13. Rad1 h6 14. f3 b6 15.
Nb3 Ne6 16. Rxd8+ Qxd8 17. Qf2 Rb8 18. Rd1 Qc7 19. Bxe6 Bxe6 20. f4 Bb4 21.
fxe5 Bxc3 22. exf6 Bxf6 23. Nd4 Bxd4 24. Rxd4 Re8 25. Bf4 Qb7 26. Qg3 Kh7 27.
Qd3 b5 28. e5+ g6 29. axb5 c5 30. Rd8 c4 31. Qd4 Rxd8 32. Qxd8 Qxb5 33. h4 Qxb2
34. Qd2 c3 35. Qd8 Qxc2 36. Bxh6 Qe4 37. Qxa5 Kxh6 38. Qxc3 Qc4 39. Qd2+ Kg7
40. Qg5 Qg4 41. Qf6+ Kh7 42. Qf2 Bd5 43. Kh2 Qd7 44. Qg3 Kg7 45. Qg5 Qe6 46.
Qg3 Kf8 47. Qa3+ Ke8 48. Qa4+ Qd7 49. Qf4 Bc6 50. Qf6 Qd5 51. Qg5 Kd7 52. Qg4+
Qe6 53. Qd4+ Qd5 54. Qg4+ Kc7 55. Qg3 Qxg2+ 56. Qxg2 Bxg2 57. Kxg2 Kc6 58. Kf3
Kd5 59. Kf4 1/2-1/2

[Event "Gries-Deutschnofen"]
[Site "?"]
[Date "2018.02.24"]
[Round "8.6"]
[White "Spornberger, Peter"]
[Black "Thurner, Markus"]
[Result "0-1"]
[WhiteElo "1537"]
[BlackElo "1910"]
[PlyCount "82"]
[EventDate "2018.02.24"]

1. e4 c5 2. d4 cxd4 3. c3 dxc3 4. Nxc3 Nc6 5. Nf3 d6 6. Bc4 Nf6 7. O-O e6 8.
Qe2 Be7 9. Rd1 e5 10. Be3 O-O 11. Rac1 Bg4 12. h3 Bh5 13. Bc5 Qc8 14. Be3 Rd8
15. a3 h6 16. Kh2 g5 17. g4 Nxg4+ 18. Kg3 Nf6 19. Rg1 Kh8 20. Qf1 Rg8 21. Nd2
Qd8 22. f3 Bg6 23. Kh2 Nh5 24. Nd5 Nf4 25. Bxf4 gxf4 26. Nxe7 Qxe7 27. Bd5 Nd4
28. Rg2 Bh5 29. Qf2 Rxg2+ 30. Qxg2 Rg8 31. Qf2 Rg3 32. Rg1 Rxg1 33. Kxg1 b6 34.
h4 Qc7 35. Kg2 Qd8 36. Qe1 Qg8+ 37. Kh3 Nxf3 38. Nxf3 Bxf3 39. Qf2 Qg4+ 40. Kh2
f5 41. Be6 Bxe4 0-1

[Event "Kaltern/Tramin-Richter/Lask"]
[Site "?"]
[Date "2018.02.24"]
[Round "8.1"]
[White "De Eccher, Stefano"]
[Black "Bertagnolli, Alexander"]
[Result "0-1"]
[WhiteElo "2195"]
[BlackElo "2404"]
[PlyCount "86"]
[EventDate "2018.02.24"]

1. e4 c5 2. c4 Nc6 3. Nc3 d6 4. g3 g5 5. d3 e5 6. h4 g4 7. f3 h5 8. Nd5 Bh6 9.
fxg4 hxg4 10. Ne2 Nf6 11. Nxf6+ Qxf6 12. Bg2 Be6 13. Bxh6 Qxh6 14. Qd2 Ke7 15.
Qxh6 Rxh6 16. Rf1 a6 17. Kd2 b5 18. cxb5 axb5 19. a3 Rhh8 20. Rab1 Rhb8 21. Nc3
Nd4 22. Ne2 Nb3+ 23. Ke3 b4 24. axb4 Rxb4 25. Nc3 Nd4 26. Rf2 Rab8 27. Rd2 Rb3
28. Ne2 c4 29. Nc1 R3b4 30. Na2 R4b6 31. dxc4 Bxc4 32. Nc3 Rb3 33. Kf2 Ne6 34.
Nd1 Nc5 35. Ne3 Bd3 36. Rbd1 Bxe4 37. Nxg4 Rxb2 38. Kg1 Rxd2 39. Rxd2 Rg8 40.
Bh3 Bf5 41. Nf2 Bxh3 42. Nxh3 Rxg3+ 43. Kh2 Rg4 0-1

[Event "Kaltern/Tramin-Richter/Lask"]
[Site "?"]
[Date "2018.02.24"]
[Round "8.2"]
[White "Paltrinieri, Nicholas"]
[Black "Moncher, Stefano"]
[Result "1/2-1/2"]
[WhiteElo "2234"]
[BlackElo "2182"]
[PlyCount "131"]
[EventDate "2018.02.24"]

1. d4 f5 2. Bg5 g6 3. Nc3 Bg7 4. h4 Nf6 5. h5 Ne4 6. Nxe4 fxe4 7. c3 d5 8. Qc2
Qd6 9. O-O-O Nc6 10. f3 h6 11. Be3 g5 12. fxe4 dxe4 13. Qxe4 O-O 14. g4 Rf6 15.
Nf3 Be6 16. Bg2 Bxa2 17. d5 Na5 18. Ne5 Qa6 19. Rhe1 Rd6 20. Ng6 Re8 21. Nxe7+
Kf8 22. Rf1+ Bf6 23. Ng6+ Kf7 24. Nh8+ Rxh8 25. Qd3 Nb3+ 26. Kc2 Qa4 27. Qg6+
Ke7 28. Kd3 Qa6+ 29. Ke4 Qc4+ 30. Kf3 Nc5 31. Kf2 Nd7 32. Kg1 Ne5 33. Qf5 Qxg4
34. Bc5 Qxf5 35. Rxf5 Bc4 36. Rd4 Bxe2 37. Re4 Bxh5 38. Rexe5+ Bxe5 39. Rxe5+
Kd7 40. Bxd6 Kxd6 41. Re6+ Kd7 42. c4 Bf7 43. Re5 Re8 44. Rf5 Ke7 45. c5 Bg6
46. Rf3 a5 47. Rb3 b6 48. d6+ Kd7 49. Bh3+ Kc6 50. d7 Rd8 51. cxb6 cxb6 52.
Rc3+ Kd6 53. Rc8 Rxd7 54. Bxd7 Kxd7 55. Rh8 h5 56. Rh6 Be8 57. Rxb6 a4 58. Kf2
Ke7 59. Rh6 h4 60. Ke3 Bd7 61. Ke4 h3 62. Ke5 g4 63. Rh7+ Kd8 64. Kf4 Kc7 65.
Kg3 Kc6 66. Re7 1/2-1/2

[Event "Kaltern/Tramin-Richter/Lask"]
[Site "?"]
[Date "2018.02.24"]
[Round "8.3"]
[White "Voltolini, Giuseppe"]
[Black "Panjkovic, Aleksandar"]
[Result "0-1"]
[WhiteElo "2135"]
[BlackElo "2074"]
[PlyCount "64"]
[EventDate "2018.02.24"]

1. d4 c5 2. d5 d6 3. c4 e5 4. e4 Be7 5. Nc3 Bg5 6. Nf3 Bxc1 7. Rxc1 Nh6 8. h3
f5 9. Bd3 f4 10. Qe2 O-O 11. Kd2 Na6 12. Ne1 Bd7 13. f3 Nf7 14. a3 Nc7 15. Nc2
Rb8 16. Rb1 a6 17. Rhc1 b5 18. b3 b4 19. axb4 cxb4 20. Nd1 a5 21. Nb2 Na6 22.
Ne1 Nc5 23. Bc2 a4 24. Ned3 a3 25. Nd1 Nxd3 26. Bxd3 Qa5 27. Ra1 Nd8 28. Ra2
Nb7 29. Bc2 Nc5 30. Nf2 Rfc8 31. Ke1 Na4 32. Nd1 Rxc4 0-1

[Event "Kaltern/Tramin-Richter/Lask"]
[Site "?"]
[Date "2018.02.24"]
[Round "8.4"]
[White "Waldner, Mirko"]
[Black "Bevilacqua, Maurizio"]
[Result "1/2-1/2"]
[WhiteElo "1912"]
[BlackElo "2043"]
[PlyCount "116"]
[EventDate "2018.02.24"]

1. d4 Nf6 2. c4 c5 3. d5 g6 4. Nc3 Bg7 5. e4 O-O 6. Bd3 d6 7. Nge2 e6 8. O-O a6
9. a4 Re8 10. Ng3 Qc7 11. h3 Nbd7 12. Bg5 h6 13. Be3 exd5 14. cxd5 c4 15. Bc2
Nc5 16. Qd2 h5 17. f3 Bd7 18. Bh6 Bh8 19. a5 Rab8 20. Rfe1 b5 21. Nce2 Nh7 22.
Rab1 b4 23. Be3 b3 24. Bd1 Nd3 25. Rf1 h4 26. Nh1 Rb5 27. Nf2 Nc5 28. Bd4 Bxd4
29. Qxd4 Qxa5 30. Nc3 Rb4 31. f4 Qd8 32. e5 Bf5 33. Ra1 Nd3 34. Rxa6 dxe5 35.
fxe5 Nxe5 36. Ng4 Bxg4 37. Bxg4 f5 38. Bxf5 gxf5 39. Rxf5 Qc8 40. Rxe5 Rxe5 41.
Rg6+ Kf7 42. Qxe5 Qc5+ 43. Kh1 Kxg6 44. Qe8+ Kg7 45. Qe5+ Kg8 46. Qe6+ Kf8 47.
Qh6+ Ke8 48. Qxh7 Qe7 49. Qg6+ Kd8 50. Qg8+ Kd7 51. Qa8 Qe1+ 52. Kh2 Qe5+ 53.
Kh1 Rb8 54. Qc6+ Kd8 55. Ne4 Qxe4 56. Qd6+ Kc8 57. Qc6+ Kd8 58. Qd6+ Kc8
1/2-1/2

[Event "Kaltern/Tramin-Richter/Lask"]
[Site "?"]
[Date "2018.02.24"]
[Round "8.5"]
[White "De Vita, Gianni"]
[Black "Comai, Samuele"]
[Result "1/2-1/2"]
[WhiteElo "1983"]
[BlackElo "1812"]
[PlyCount "86"]
[EventDate "2018.02.24"]

1. e4 e6 2. d4 d5 3. exd5 exd5 4. Nf3 Bd6 5. Bd3 Nc6 6. h3 Nge7 7. Nc3 Be6 8.
Nb5 f6 9. c3 Bf5 10. Nxd6+ Qxd6 11. O-O O-O-O 12. b4 Rde8 13. Qc2 Bxd3 14. Qxd3
g5 15. Qb5 Qd7 16. Ne1 Qf5 17. Qd3 Nd8 18. a4 Qxd3 19. Nxd3 Nf5 20. Ra2 Re7 21.
f4 Ng3 22. Re1 Rxe1+ 23. Nxe1 Re8 24. Bd2 Re2 25. fxg5 fxg5 26. Nf3 Ne6 27. Ra1
Ne4 28. Re1 Rxe1+ 29. Bxe1 Kd7 30. g3 Ng7 31. Ne5+ Ke6 32. Kg2 Nf5 33. Kf3 h5
34. g4 hxg4+ 35. hxg4 Nfd6 36. Ke3 Nf7 37. Nxf7 Kxf7 38. c4 Ke6 39. c5 a6 40.
b5 axb5 41. axb5 b6 42. Bb4 Nf6 43. Kf3 Ne4 1/2-1/2

[Event "Kaltern/Tramin-Richter/Lask"]
[Site "?"]
[Date "2018.02.24"]
[Round "8.6"]
[White "Thaler, Elmar"]
[Black "Pangrazzi, Marco"]
[Result "0-1"]
[WhiteElo "1736"]
[BlackElo "2179"]
[PlyCount "58"]
[EventDate "2018.02.24"]

1. d4 Nf6 2. c4 g6 3. Nc3 Bg7 4. Nf3 O-O 5. e3 d6 6. Bd3 Nfd7 7. Qc2 Nc6 8. a3
e5 9. d5 Ne7 10. e4 f5 11. Bd2 Nc5 12. O-O-O Bd7 13. Bg5 h6 14. Bxe7 Qxe7 15.
b4 Nxd3+ 16. Qxd3 fxe4 17. Nxe4 Rf7 18. Nfd2 a6 19. Kb2 Rxf2 20. Qg3 Rf4 21.
Kb3 Bf5 22. Rde1 Rf8 23. Rhf1 Bxe4 24. Rxf4 exf4 25. Qf2 Qe5 26. Nxe4 b5 27.
Qe2 f3 28. gxf3 Rxf3+ 29. Ka2 Re3 0-1

[Event "Kaltern/Tramin2-Brixen/Milland"]
[Site "?"]
[Date "2018.02.24"]
[Round "8.1"]
[White "Kofler, Thomas"]
[Black "Florian, Andreas"]
[Result "1-0"]
[WhiteElo "1932"]
[BlackElo "1517"]
[PlyCount "65"]
[EventDate "2018.02.24"]

1. c4 e6 2. g3 d5 3. Bg2 Nf6 4. cxd5 exd5 5. d4 c5 6. Nf3 Nc6 7. O-O Be7 8. Nc3
O-O 9. Bg5 cxd4 10. Nxd4 Be6 11. Rc1 Rc8 12. Nxe6 fxe6 13. Bh3 Qd7 14. e4 d4
15. Qb3 Nd8 16. Rcd1 h6 17. Be3 Bc5 18. e5 Ne8 19. Ne2 Qf7 20. Bxd4 Bxd4 21.
Nxd4 Nc7 22. Rc1 Re8 23. f4 Qd7 24. Rfd1 Nd5 25. Rxc8 Qxc8 26. Nxe6 Nxe6 27.
Qxd5 Qc2 28. Bxe6+ Rxe6 29. Qxe6+ Kh7 30. Qb3 Qc5+ 31. Kg2 Qc6+ 32. Qd5 Qc2+
33. Rd2 1-0

[Event "Kaltern/Tramin2-Brixen/Milland"]
[Site "?"]
[Date "2018.02.24"]
[Round "8.2"]
[White "Steinegger, Egon"]
[Black "Wisthaler, Lukas"]
[Result "0-1"]
[WhiteElo "1453"]
[BlackElo "1829"]
[PlyCount "103"]
[EventDate "2018.02.24"]

1. e4 c5 2. Nf3 e6 3. Nc3 a6 4. d4 cxd4 5. Nxd4 Qc7 6. g3 Nf6 7. Bg2 Be7 8. O-O
O-O 9. Re1 d6 10. Nf3 Nbd7 11. Bf4 Rd8 12. e5 dxe5 13. Nxe5 Nxe5 14. Bxe5 Qb6
15. Qf3 Nd7 16. Rab1 Nxe5 17. Rxe5 Rb8 18. Ree1 Bd7 19. Nd5 exd5 20. Rxe7 Be6
21. Bh3 Qd6 22. Bxe6 Qxe7 23. Bxd5 b5 24. Rd1 Kf8 25. Rd3 Rd6 26. Re3 Qd7 27.
Qf4 Rd8 28. Bb3 Rf6 29. Qh4 h6 30. Rd3 Qe7 31. Re3 Rd1+ 32. Kg2 Qb7+ 33. Kh3
Qd7+ 34. Kg2 Rd2 35. Qb4+ Kg8 36. Re8+ Kh7 37. Qe4+ Qf5 38. Qxf5+ Rxf5 39. Re7
Rfxf2+ 40. Kg1 Rg2+ 41. Kh1 Rxh2+ 42. Kg1 Rhg2+ 43. Kf1 f6 44. Re8 Rxg3 45. Re6
a5 46. Rb6 Rg5 47. c4 bxc4 48. Bxc4 Rc5 49. Be2 Rc1+ 50. Kf2 Rcc2 51. Re6 Rxb2
52. Ke3 0-1

[Event "Kaltern/Tramin2-Brixen/Milland"]
[Site "?"]
[Date "2018.02.24"]
[Round "8.3"]
[White "Piela, Jonas"]
[Black "Filosi, Gianluigi"]
[Result "1-0"]
[WhiteElo "1716"]
[BlackElo "1605"]
[PlyCount "101"]
[EventDate "2018.02.24"]

1. d4 e6 2. c4 f5 3. Nf3 d6 4. g3 Nf6 5. Nc3 Be7 6. Bg2 O-O 7. O-O Qe8 8. b3
Qh5 9. Re1 Ne4 10. Qc2 Nxc3 11. Qxc3 Nd7 12. e4 fxe4 13. Rxe4 Nc5 14. Re1 Bf6
15. Bb2 Qf5 16. Rad1 Ne4 17. Qe3 d5 18. Ne5 Qxf2+ 19. Qxf2 Nxf2 20. Kxf2 Bxe5+
21. Kg1 Bd6 22. cxd5 exd5 23. Bxd5+ Kh8 24. Bg2 Rb8 25. Rf1 Rxf1+ 26. Rxf1 Be6
27. d5 Bg8 28. Bd4 b6 29. Re1 Bf7 30. Bf3 Kg8 31. Kg2 Rd8 32. Be5 Re8 33. Bxd6
Rxe1 34. Bxc7 Ra1 35. Kf2 Rxa2+ 36. Ke3 Rb2 37. d6 Rxb3+ 38. Ke4 Be6 39. h3 a5
40. Bg4 Kf7 41. d7 Bxd7 42. Bxd7 Ke7 43. Bc6 Rb4+ 44. Ke5 Rb1 45. Ba4 b5 46.
Bc2 Re1+ 47. Kd5 Rc1 48. Bd6+ Ke8 49. Bxh7 Rd1+ 50. Kc6 Rxd6+ 51. Kxd6 1-0